Una familia con casa en todo el mundo
Збережено в:
| Співавтор: | |
|---|---|
| Формат: | Текст |
| Опубліковано: |
San José:
SNU
|
| Предмети: | |
| Теги: |
Додати тег
Немає тегів, Будьте першим, хто поставить тег для цього запису!
|
MARC
| LEADER | 00000 a a2200000 04500 | ||
|---|---|---|---|
| 001 | 32787 | ||
| 003 | |||
| 040 | |||
| 090 | |a 204100 | ||
| 110 | |a Sistema de las Naciones Unidas | ||
| 245 | |a Una familia con casa en todo el mundo | ||
| 260 | |a San José: |b SNU | ||
| 300 | |a 27 p. | ||
| 300 | |b il. | ||
| 650 | |a SISTEMA DE LAS NACIONES UNIDAS | ||
| 650 | |a ESTRUCTURA ORGANIZACIONAL | ||
| 650 | |a PROGRAMAS | ||
| 650 | |a COSTA RICA | ||
| 999 | |c 10581 |d 10581 | ||
